[Event "New Player Knockout Blitz"]
[Site "SchemingMind.com"]
[Date "2006.12.06"]
[Round "-"]
[White "badbishop"]
[Black "russellhead"]
[Result "1-0"]
[WhiteCountry "POL"]
[BlackCountry "USA"]
[WhiteElo "1793"]
[WhiteRD "209"]
[BlackElo "1422"]
[BlackRD "99"]
[GameID "80557"]

1. d4 d5 2. c4 Nf6 3. cxd5 Qxd5 4. Nc3 Qa5 5. Nf3 Nc6 6. Bd2 Bf5 7. e4 Bg6 8. e5 Nh5 9. Bb5 O-O-O 10. Bxc6 bxc6
11. g4 e6 12. gxh5 Bxh5 13. Ne4 Qd5 14. Qe2 Bxf3 15. Qxf3 Qxd4 16. O-O-O g6 17. Bc3 Qa4 18. Rxd8+ Kxd8 19. Qf6+ Ke8 20. Rd1 Bg7
21. Rd8#
1-0

[Event "New Player Knockout Blitz"]
[Site "SchemingMind.com"]
[Date "2006.12.06"]
[Round "-"]
[White "russellhead"]
[Black "badbishop"]
[Result "0-1"]
[WhiteCountry "USA"]
[BlackCountry "POL"]
[WhiteElo "1422"]
[WhiteRD "99"]
[BlackElo "1793"]
[BlackRD "209"]
[GameID "80567"]

1. d4 Nf6 2. Bf4 g6 3. e3 Bg7 4. c3 d6 5. Bd3 O-O 6. Nf3 Nc6 7. O-O Qe8 8. Nbd2 Nh5 9. b4 e5 10. d5 exf4
11. dxc6 fxe3 12. cxb7 Bxb7 13. Ne4 Bxe4 14. Bxe4 Qxe4 15. Nd4 Bxd4 16. cxd4 e2 17. Qb1 exf1=Q+ 18. Qxf1 Rae8 19. g3 Qxd4 20. Re1 Qxb4
21. Rxe8 Rxe8 22. f4 Re1 23. Qxe1 Qxe1+ 24. Kg2 Qe2+ 25. Kh3 Nxf4+ 26. Kh4 Qh5#
0-1

[Event "New Player Knockout Blitz"]
[Site "SchemingMind.com"]
[Date "2006.12.11"]
[Round "-"]
[White "jp781"]
[Black "e7e5"]
[Result "1-0"]
[WhiteCountry "USA"]
[BlackCountry "POL"]
[WhiteElo "1793"]
[WhiteRD "123"]
[BlackElo "1343"]
[BlackRD "240"]
[GameID "81311"]

1. e4 e5 2. Nf3 Nc6 3. Bb5 Nge7 4. d3 a6 5. Bc4 b5 6. Bb3 Bb7 7. Nc3 b4 8. Ne2 g6 9. Ng5 d5 10. O-O h6
11. Nf3 dxe4 12. dxe4 Qxd1 13. Rxd1 Bg7 14. c3 Nd8 15. Bc2 O-O 16. Be3 a5 17. Rd7 Bf6 18. Rxc7 Ba6 19. Ng3 Ne6 20. Bxh6 Rfd8
21. Nxe5 Nxc7 22. Ng4 Ne8 23. e5 Bh4 24. Ne4
1-0

[Event "New Player Knockout Blitz"]
[Site "SchemingMind.com"]
[Date "2006.12.10"]
[Round "-"]
[White "e7e5"]
[Black "jp781"]
[Result "0-1"]
[WhiteCountry "POL"]
[BlackCountry "USA"]
[WhiteElo "1343"]
[WhiteRD "240"]
[BlackElo "1793"]
[BlackRD "123"]
[GameID "81322"]

1. e4 c5 2. Nf3 d6 3. d4 cxd4 4. Nxd4 Nf6 5. Nc3 g6 6. Bd3 Bg7 7. Be3 O-O 8. Bc4 a6 9. a4 Bd7 10. Nf3 h6
11. e5 dxe5 12. Nxe5 e6 13. Bc5 Re8 14. O-O Nc6 15. Re1 Nxe5 16. Rxe5 Nd5 17. Re2 Bxc3 18. Bxd5 Bxb2 19. Rb1 Bxa4 20. Rxb2 exd5
21. Qd2 Rxe2 22. Qxe2 Qe8 23. Qd1 Rc8 24. Be3 g5
0-1

[Event "New Player Knockout Blitz"]
[Site "SchemingMind.com"]
[Date "2006.12.15"]
[Round "-"]
[White "Beardownman"]
[Black "no wuccas"]
[Result "1-0"]
[WhiteCountry "ENG"]
[BlackCountry "AUS"]
[WhiteElo "1373"]
[WhiteRD "162"]
[BlackElo "1377"]
[BlackRD "172"]
[GameID "82057"]

1. e4 e5 2. Nf3 Nc6 3. Nc3 Bc5 4. Bc4 h6 5. h3 d6 6. O-O Nf6 7. d3 Na5 8. Ne2 Nxc4 9. dxc4 Nxe4 10. Be3 Bxe3
11. fxe3 Qf6 12. b4 Qg6 13. Nh4 Qh5 14. Nf3 Qg6 15. b5 Bxh3 16. Nh4 Qg5 17. Kh2 Be6 18. Nf3 Qh5+ 19. Kg1 Bxc4 20. Re1 Bxb5
21. Qb1 c6 22. c4 Ba6 23. Qxe4 f5 24. Qc2 e4 25. Nfd4 Kd7 26. Ng3 Qf7 27. Ngxf5 c5 28. Qa4+ b5 29. cxb5 Bb7 30. Nc6 Qxf5
31. Rad1 a6 32. Rf1 Qe6 33. Rf7+ Kc8 34. Ne7+ Kb8 35. Rdf1 Re8 36. bxa6 Rxe7 37. Rf8+ Kc7 38. Rxa8 Bxa8 39. Rf8 Qd7 40. Qa5+ Kc6
41. Rxa8 Kd5 42. a7 Qb7 43. Qd8 Qc7 44. Qg8+ Ke5 45. Qb8 c4 46. Qxc7 Rxc7 47. Re8+
1-0

[Event "New Player Knockout Blitz"]
[Site "SchemingMind.com"]
[Date "2006.12.18"]
[Round "-"]
[White "no wuccas"]
[Black "Beardownman"]
[Result "1-0"]
[WhiteCountry "AUS"]
[BlackCountry "ENG"]
[WhiteElo "1377"]
[WhiteRD "172"]
[BlackElo "1373"]
[BlackRD "162"]
[GameID "82062"]

1. e4 e5 2. Nf3 Nc6 3. d4 exd4 4. Nxd4 Qh4 5. Qd3 Bc5 6. Be3 Nf6 7. Nf5 Qg4 8. Bxc5 d6 9. Be3 Nxe4 10. Ng3 Nxg3
11. hxg3 Bf5 12. Qb3 O-O-O 13. Na3 f6 14. Be2 Qg6 15. O-O-O Rhe8 16. Bf3 Bg4 17. Bxg4+ Qxg4 18. Rxh7 b6 19. Rh4 Qg6 20. Nb5 Re7
21. Ra4 a5 22. Kb1 Qh5 23. c4 f5 24. Rc1 Qg6 25. f4 Qxg3 26. Ra3 Rxe3 27. Qxe3 Qxg2 28. Rg1 Qe4+ 29. Qxe4 fxe4 30. Rxg7 Kb7
31. Rxc7+
1-0

[Event "New Player Knockout Blitz"]
[Site "SchemingMind.com"]
[Date "2006.12.24"]
[Round "-"]
[White "bull mccabe"]
[Black "Vladimir Kramnik"]
[Result "1-0"]
[WhiteCountry "IRL"]
[BlackCountry "RUS"]
[WhiteElo "1657"]
[WhiteRD "113"]
[BlackElo "1712"]
[BlackRD "131"]
[GameID "83441"]

1. e4 c6 2. d4 d5 3. Nc3 dxe4 4. Nxe4 Nf6 5. Nxf6+ exf6 6. c3 Bd6 7. Bd3 O-O 8. Qc2 h6 9. Ne2 Qc7= 10. Ng3 Re8+
11. Be3 Be6 12. O-O-O Nd7 13. Qd2 Bxa2 14. Nf5 Bf8 15. Nxh6+ gxh6 16. Bxh6 Bb3 17. Rde1
1-0

[Event "New Player Knockout Blitz"]
[Site "SchemingMind.com"]
[Date "2006.12.23"]
[Round "-"]
[White "rootmos"]
[Black "embuchador"]
[Result "0-1"]
[WhiteCountry "SWE"]
[BlackCountry "INT"]
[WhiteElo "1240"]
[WhiteRD "191"]
[BlackElo "1747"]
[BlackRD "255"]
[GameID "83442"]

1. e4 c5 2. Nf3 Nc6 3. d4 cxd4 4. Nxd4 e5 5. Nb5 d6 6. N1c3 Nf6 7. Bg5 Be7 8. Qd2 a6 9. Na3 b5 10. Bxf6 Bxf6
11. Qd5 Bb7 12. O-O-O Be7 13. Qd2 b4 14. Nc4 bxc3 15. Qxc3 Qd7 16. Nb6 Qc7 17. Nd5 Qd8 18. Be2 O-O 19. g3 Nd4 20. Rhe1 Nxe2+
21. Rxe2 Bxd5 22. Rxd5 Qb6 23. f4 Rfc8
0-1

[Event "New Player Knockout Blitz"]
[Site "SchemingMind.com"]
[Date "2006.12.23"]
[Round "-"]
[White "lwtjvankerkhof"]
[Black "Alikabok"]
[Result "0-1"]
[WhiteCountry "NED"]
[BlackCountry "PHI"]
[WhiteElo "1632"]
[WhiteRD "172"]
[BlackElo "1973"]
[BlackRD "106"]
[GameID "83443"]

1. e4 c5 2. Nf3 d6 3. d4 cxd4 4. Nxd4 Nf6 5. Nc3 e6 6. Be2 Be7 7. O-O O-O 8. Bf3 Nc6 9. Nxc6 bxc6 10. e5 Nd5
11. Nxd5 exd5 12. Bf4 dxe5 13. Bxe5 Bd6 14. Re1 Be6 15. Qd4 c5 16. Qf4 Bxe5 17. Qxe5 Rc8 18. Rad1 d4 19. b3 Qb6 20. Be4 Rfd8
21. Rd3 Qd6 22. Qh5 g6 23. Qh4 Qa6 24. a4 c4
0-1

[Event "New Player Knockout Blitz"]
[Site "SchemingMind.com"]
[Date "2006.12.24"]
[Round "-"]
[White "Vladimir Kramnik"]
[Black "bull mccabe"]
[Result "0-1"]
[WhiteCountry "RUS"]
[BlackCountry "IRL"]
[WhiteElo "1712"]
[WhiteRD "131"]
[BlackElo "1657"]
[BlackRD "113"]
[GameID "83448"]

1. e4 c5 2. Nf3 Nc6 3. d4 cxd4 4. Nxd4 g6 5. Bc4 Bg7 6. Nxc6 bxc6 7. O-O d6 8. Nc3 Nf6 9. e5 dxe5 10. Qf3 Qc7
11. Ne4 O-O 12. Nxf6+ Bxf6 13. Bh6 Bg7
0-1

[Event "New Player Knockout Blitz"]
[Site "SchemingMind.com"]
[Date "2006.12.23"]
[Round "-"]
[White "embuchador"]
[Black "rootmos"]
[Result "1-0"]
[WhiteCountry "INT"]
[BlackCountry "SWE"]
[WhiteElo "1747"]
[WhiteRD "255"]
[BlackElo "1240"]
[BlackRD "191"]
[GameID "83449"]

1. c4 e5 2. Nc3 Nf6 3. d3 Bb4 4. Qc2 d5 5. cxd5 Nxd5 6. e4 Nf4 7. Bxf4 Nd7 8. Bd2 b6 9. Nf3 Bb7 10. Be2 Qe7
11. O-O Nf6 12. Nb5 Bxd2 13. Nxd2 Bc6 14. Qxc6+ Qd7 15. Nxc7+ Ke7 16. Qxd7+ Kxd7 17. Nxa8 Rxa8 18. Nf3 h5 19. Nxe5+ Ke6 20. Nc6 a6
21. Rac1
1-0

[Event "New Player Knockout Blitz"]
[Site "SchemingMind.com"]
[Date "2006.12.23"]
[Round "-"]
[White "Alikabok"]
[Black "lwtjvankerkhof"]
[Result "1-0"]
[WhiteCountry "PHI"]
[BlackCountry "NED"]
[WhiteElo "1973"]
[WhiteRD "106"]
[BlackElo "1632"]
[BlackRD "172"]
[GameID "83450"]

1. e4 e6 2. d4 d5 3. e5 c5 4. c3 Nc6 5. Nf3 Bd7 6. Bb5 cxd4 7. Bxc6 bxc6 8. cxd4 c5 9. O-O cxd4 10. Qxd4 Ne7
11. Nc3 Nf5 12. Qd3 Be7 13. Nd4 Nxd4 14. Qxd4 O-O 15. Be3 f6 16. Rfd1 fxe5 17. Qxe5 Bf6 18. Qd6 Qe7 19. Qg3 Rac8 20. Bxa7 Qb4
21. Rab1 Bxc3 22. bxc3 Qxc3 23. Qxc3 Rxc3 24. Rb7 Be8 25. Bd4 Rc4 26. Rxg7+
1-0

[Event "New Player Knockout Blitz"]
[Site "SchemingMind.com"]
[Date "2007.01.20"]
[Round "-"]
[White "bull mccabe"]
[Black "embuchador"]
[Result "0-1"]
[WhiteCountry "IRL"]
[BlackCountry "INT"]
[WhiteElo "1600"]
[WhiteRD "101"]
[BlackElo "1855"]
[BlackRD "145"]
[GameID "87915"]

1. e4 c5 2. Nc3 Nc6 3. g3 d6 4. Bg2 Nf6 5. d3 Bg4 6. Nge2 e6 7. O-O Nd4 8. Be3 Nf3+ 9. Kh1 d5 10. exd5 exd5
11. Qc1 d4 12. Bg5 dxc3 13. Nxc3 Be7 14. Qe3 Nxh2 15. Kxh2 O-O 16. Bxf6 Bxf6 17. Qxc5 b6 18. Qd5 Rc8 19. Qb3 Re8 20. Rfe1 Bd4
21. Rxe8+ Qxe8 22. Kg1 Rc5 23. Qa4 Bxf2+ 24. Kxf2 Rf5+
0-1

[Event "New Player Knockout Blitz"]
[Site "SchemingMind.com"]
[Date "2007.01.20"]
[Round "-"]
[White "embuchador"]
[Black "bull mccabe"]
[Result "1-0"]
[WhiteCountry "INT"]
[BlackCountry "IRL"]
[WhiteElo "1855"]
[WhiteRD "145"]
[BlackElo "1600"]
[BlackRD "101"]
[GameID "87923"]

1. d4 d5 2. Nc3 Nf6 3. Bf4 e6 4. f3 Bd6 5. Bxd6 Qxd6 6. e4 dxe4 7. Bc4 Nc6 8. fxe4 O-O 9. Nge2 Qe7 10. O-O Rd8
11. d5 Ne5 12. Bb3 b6 13. Nd4 Bb7 14. dxe6 c5 15. Nf5 Qf8 16. Qe1 Ba6 17. exf7+ Nxf7 18. Nh6+ gxh6 19. Rxf6 Rd7 20. e5
1-0

[Event "New Player Knockout Blitz"]
[Site "SchemingMind.com"]
[Date "2007.01.23"]
[Round "-"]
[White "badbishop"]
[Black "Beardownman"]
[Result "1-0"]
[WhiteCountry "POL"]
[BlackCountry "ENG"]
[WhiteElo "2019"]
[WhiteRD "124"]
[BlackElo "1274"]
[BlackRD "138"]
[GameID "88303"]

1. d4 d5 2. c4 dxc4 3. e4 e5 4. Nf3 Bd6 5. Bxc4 Be6 6. Bxe6 fxe6 7. Nxe5 Bxe5 8. Qh5+ g6 9. Qxe5 Nc6 10. Qxh8 Nxd4
11. Qxg8+ Ke7 12. Bg5+ Kd7 13. Bxd8 Rxd8 14. Qf7+ Kc8 15. Na3
1-0

[Event "New Player Knockout Blitz"]
[Site "SchemingMind.com"]
[Date "2007.01.23"]
[Round "-"]
[White "Beardownman"]
[Black "badbishop"]
[Result "0-1"]
[WhiteCountry "ENG"]
[BlackCountry "POL"]
[WhiteElo "1274"]
[WhiteRD "138"]
[BlackElo "2019"]
[BlackRD "124"]
[GameID "88310"]

1. e4 c6 2. d4 d5 3. e5 Bf5 4. Bd3 Bxd3 5. cxd3 e6 6. Nf3 Ne7 7. Bg5 Qb6 8. b3 Nf5 9. O-O Nxd4 10. Nxd4 Qxd4
11. Nd2 Qxe5 12. f4 Bc5+ 13. Kh1 Qf5 14. Qc1 Nd7 15. d4 Bxd4 16. Qa3 Bc5 17. b4 Bd6 18. Nb3 O-O 19. Nc5 Bxc5 20. bxc5 e5
21. Rab1 Rfb8 22. Qg3 e4 23. Bh6 Qg6 24. Qxg6 hxg6 25. Bg5 f6 26. Bh4 Nxc5 27. Bg3 Rd8 28. Bf2 d4 29. g4 Rd5 30. Rb4 e3
31. Be1 a5 32. Rb2 b5 33. Kg2 Nd3 34. Rb1 b4
0-1

[Event "New Player Knockout Blitz"]
[Site "SchemingMind.com"]
[Date "2007.02.13"]
[Round "-"]
[White "jp781"]
[Black "embuchador"]
[Result "1-0"]
[WhiteCountry "USA"]
[BlackCountry "INT"]
[WhiteElo "1911"]
[WhiteRD "91"]
[BlackElo "1731"]
[BlackRD "120"]
[GameID "91056"]

1. e4 c5 2. Nf3 Nc6 3. d4 cxd4 4. Nxd4 e5 5. Nxc6 bxc6 6. Bc4 Nf6 7. Bg5 h6 8. Bh4 Bb4+ 9. c3 Bc5 10. Nd2 O-O
11. O-O Be7 12. Bd3 d5 13. Qc2 g5 14. Bg3 Bd6 15. Nf3 Qe7 16. Rfe1 Be6 17. exd5 cxd5 18. Nxe5 Rac8 19. Bb5 Qb7 20. Bd3 d4
21. c4 h5 22. Ng4 Nxg4 23. Bxd6 Rfe8 24. Bh7+ Kh8 25. h3 Nf6 26. Be5 Qe7 27. Bxd4 Red8 28. Bxf6+ Qxf6 29. b3 g4 30. hxg4 hxg4
31. g3 Rc5 32. Be4 Rh5 33. Kg2 Kg7 34. Rh1 Rdh8 35. Rxh5 Rxh5 36. Rh1 Re5 37. a4 a5 38. Qd3 Kf8= 39. Qd6+ Ke8 40. Bc6+
1-0

[Event "New Player Knockout Blitz"]
[Site "SchemingMind.com"]
[Date "2007.02.10"]
[Round "-"]
[White "embuchador"]
[Black "jp781"]
[Result "0-1"]
[WhiteCountry "INT"]
[BlackCountry "USA"]
[WhiteElo "1731"]
[WhiteRD "120"]
[BlackElo "1911"]
[BlackRD "91"]
[GameID "91076"]

1. d4 d5 2. Nf3 Nf6 3. Bf4 e6 4. c4 Be7 5. Nc3 O-O 6. cxd5 exd5 7. h3 Nc6 8. e3 a6 9. Bd3 Be6 10. Ng5 h6
11. Nxe6 fxe6 12. a3 Nd7 13. Qg4 Rf6 14. O-O-O Rc8 15. e4 Qf8 16. g3 g5 17. h4 Nxd4 18. hxg5 Rg6 19. e5 Nf5 20. Nxd5 Bxg5
21. Ne3 Nxe5 22. Qe2 Nxd3+ 23. Rxd3 e5 24. Bxg5 Rxg5 25. Nxf5 Rxf5 26. Rxh6 Qxh6+
0-1

[Event "New Player Knockout Blitz"]
[Site "SchemingMind.com"]
[Date "2007.02.19"]
[Round "-"]
[White "badbishop"]
[Black "Alikabok"]
[Result "1-0"]
[WhiteCountry "POL"]
[BlackCountry "PHI"]
[WhiteElo "2121"]
[WhiteRD "91"]
[BlackElo "1908"]
[BlackRD "80"]
[GameID "92938"]

1. d4 Nf6 2. c4 e6 3. Nc3 c5 4. d5 exd5 5. cxd5 d6 6. e4 g6 7. Nf3 Nbd7 8. Be2 Bg7 9. O-O O-O 10. Bf4 Ne8
11. Bg5 Nef6 12. Nd2 h6 13. Bf4 Ne8 14. Nc4 Nb6 15. Ne3 a6 16. a4 Qc7 17. Qd2 Kh7 18. Rfe1 Qe7 19. a5 Nd7 20. Nc4 Ne5
21. Nb6 Rb8 22. Bg3 Nd7 23. Nc4 b5 24. axb6 Nxb6 25. Na5 Ra8 26. Ra3 Be5 27. Nc6 Qf6 28. f4 Bd4+ 29. Kh1 Bb7 30. e5 Qg7
31. Nxd4 cxd4 32. Qxd4 Nd7 33. Ne4 Nc7 34. Bc4 dxe5 35. fxe5 Rfb8 36. Nf6+
1-0

[Event "New Player Knockout Blitz"]
[Site "SchemingMind.com"]
[Date "2007.02.19"]
[Round "-"]
[White "Alikabok"]
[Black "badbishop"]
[Result "0-1"]
[WhiteCountry "PHI"]
[BlackCountry "POL"]
[WhiteElo "1908"]
[WhiteRD "80"]
[BlackElo "2121"]
[BlackRD "91"]
[GameID "92944"]

1. e4 c6 2. d4 d5 3. f3 e6 4. Be3 Qb6 5. Qc1 Nf6 6. e5 Nfd7 7. Bd3 c5 8. c3 Nc6 9. Ne2 cxd4 10. cxd4 Nb4
11. Qd2 Nxd3+ 12. Qxd3 Qxb2 13. O-O Qxa1 14. Qb3 Nxe5 15. Nbc3 Qxf1+ 16. Kxf1 Nc4 17. Bg5 f6 18. Bf4 Bd6 19. Qb5+ Ke7 20. Bxd6+ Nxd6
21. Qb4 Bd7 22. f4 Rhc8 23. g4 Rc4 24. Qa3 b5 25. Nd1 a5 26. Qg3 Ne4 27. Qh4 h6 28. Ne3 Ra4 29. g5 hxg5 30. fxg5 Nxg5
31. Qg4 Ra3 32. h4 Rxe3 33. hxg5 Re4 34. gxf6+ Kxf6 35. Nf4 Rf8 36. Kg2 Be8 37. Qh4+ Kf7 38. Qg5 Kg8 39. Ng6 Bxg6 40. Qxg6 Rf6
41. Qe8+ Kh7 42. Qxb5 Rg4+ 43. Kh3 Rg5 44. Kh4 Rg1
0-1

[Event "New Player Knockout Blitz"]
[Site "SchemingMind.com"]
[Date "2007.03.31"]
[Round "-"]
[White "badbishop"]
[Black "jp781"]
[Result "1-0"]
[WhiteCountry "POL"]
[BlackCountry "USA"]
[WhiteElo "2151"]
[WhiteRD "83"]
[BlackElo "1901"]
[BlackRD "94"]
[GameID "99108"]

1. d4 d5 2. c4 c6 3. Nc3 e6 4. e3 Nf6 5. Nf3 Nbd7 6. Qc2 Bd6 7. b3 O-O 8. Be2 b6 9. O-O e5 10. cxd5 cxd5
11. dxe5 Nxe5 12. Bb2 Bg4 13. Nxe5 Bxe5 14. Bxg4 Nxg4 15. h3 Nf6 16. Nb5 Rc8 17. Qe2 Bb8 18. Rad1 a6 19. Nd4 Qd6 20. g3 Ne4
21. Nf5 Qe6 22. Qg4 Be5 23. Bxe5 Qxe5 24. Nh6+ Kh8 25. Nxf7+
1-0

[Event "New Player Knockout Blitz"]
[Site "SchemingMind.com"]
[Date "2007.03.31"]
[Round "-"]
[White "jp781"]
[Black "badbishop"]
[Result "0-1"]
[WhiteCountry "USA"]
[BlackCountry "POL"]
[WhiteElo "1892"]
[WhiteRD "97"]
[BlackElo "2197"]
[BlackRD "83"]
[GameID "99111"]

1. d4 Nf6 2. c4 g6 3. Nc3 Bg7 4. e4 d6 5. Nf3 O-O 6. Be2 Nbd7 7. O-O e5 8. Be3 c6 9. dxe5 dxe5 10. Qd2 Qe7
11. Rfd1 Nc5 12. Qc2 a5 13. a3 Na6 14. Rd2 Bg4 15. Rad1 Bxf3 16. Bxf3 Nc5 17. Na4 Ne6 18. Nb6 Rad8 19. c5 Rxd2 20. Rxd2 Rd8
21. Rxd8+ Qxd8 22. h3 Nd4 23. Qd1 Nd7 24. Na4 Nf8 25. Nb6 Nd7 26. Na4 Nf8 27. Nb6 h5 28. Be2 Nfe6 29. b4 axb4 30. axb4 Qh4
31. f3 Nf4 32. Bxf4 Qxf4 33. Nc4 Bf6 34. Nd6 Qe3+ 35. Kh1 Nxe2 36. Nxb7 Bg5 37. Na5 Bf4 38. Nxc6 Ng3+ 39. Kh2 Nxe4+
0-1